000 00806nam a22002057a 4500
999 _c13690
_d13690
003 AR-CdUCM
008 190416b ||||| |||| 00| 0 spa d
040 _aMUNICIPALIDAD PROVINCIAL DEL CUSCO
_cBIBLIOTECA MUNICIPAL DEL CUSCO
082 _aC / 629.2 /
_bI66
100 _aIpenza Sánchez, Augusto
_932191
245 _aLa electricidad en el vehículo motorizado /
260 _aCusco :
_c1976.
300 _a57 páginas ;
_bIlustraciones,
_c22 cm.
505 _aContenido: La batería -- El circulo de ignición o encendido -- Orden de encendido y calibraciones -- Circuito del claxon -- Circuito de la carga del generador ...
650 _aIngeniería eléctrica
_923057
650 _aElectricidad
_915840
650 _aVehículo motorizado
_932192
942 _2ddc
_cLIBROS
945 _aacv
_d2019-04-16